[Event "GEO chT Clubs 2017"]
[Site "Tbilisi"]
[Date "2017.12.02"]
[Round "4"]
[White "Nachqebia, Luka"]
[Black "Tsomaia, Nikoloz"]
[Result "1-0"]
[WhiteElo "2057"]
[BlackElo "2206"]
[Annotator "TA"]
[PlyCount "115"]
[EventDate "2017.??.??"]
[EventCountry "GEO"]
[SourceTitle "playchess.com"]
[Source "ChessBase"]
[SourceQuality "1"]

{[%evp 15,115,4,8,0,0,-18,-15,-31,-21,-21,-18,-24,-23,-37,-20,-36,-20,-30,-27,-57,0,0,0,0,0,0,0,-14,-13,-19,59,35,49,46,56,52,66,8,0,19,2,15,7,0,8,0,83,81,73,62,73,0,0,0,29997,12,41,40,39,39,32,33,35,33,44,37,37,35,90,41,44,44,105,99,84,0,0,0,0,0,0,0,127,127,128,128,128,110,120,62,49,59,158,161,222,208,198,215,292,223,922,833]} 1. e4 e5 2. Bc4 Nc6 3. Nf3 Bc5 4. c3 Nf6 5. d3 O-O 6. Bg5 h6 {C54: Giuoco Piano: 4 c3 Nf6, main lines with 5 d4 and 5 d3} 7. Bh4 Be7 8. O-O (8. Bg3 d6 9. Nbd2 Na5 10. Bb5 Nh5 11. O-O Nxg3 12. hxg3 a6 13. Ba4 b5 14. Bc2 {0-1 (47) Anand,V (2783)-Dominguez Perez,L (2739) Saint Louis 2017}) 8... d6 {LiveBook: 7 Games. The position is equal.} 9. b4 Nh5 10. Bg3 Nxg3 $146 ({Predecessor:} 10... Bf6 11. h3 Nxg3 12. fxg3 {0-1 (26) Guenther,R (1334)-Nitschke,N (1767) GER email 2014}) 11. fxg3 a5 12. b5 Nb8 13. a4 Nd7 14. d4 Bf6 15. Ra2 Qe7 16. Raf2 Nb6 17. Bd3 g6 (17... c6 $15) 18. Nbd2 $11 {[%cal Bb1d2,Bd2c4,Bc4e3,Be3d5][%mdl 32]} Be6 19. d5 Bc8 20. h3 Bg7 21. Kh2 Bd7 22. Nc4 Nc8 (22... Nxc4 $11 23. Bxc4 f5) 23. Nfd2 c6 24. dxc6 bxc6 25. Ne3 $1 {Black must now prevent bxc6.} Nb6 26. Ndc4 (26. Bc4 $1 $14 d5 27. Bb3 (27. exd5 Nxc4 28. Ndxc4 cxb5 $11)) 26... Nxa4 $1 27. Qxa4 cxb5 28. Nd5 Qd8 $1 (28... bxa4 $2 29. Nxe7+ Kh8 30. Nb6 $18) 29. Qa2 bxc4 30. Bxc4 Be8 (30... Be6 $1 $11) 31. Nf6+ $16 Bxf6 32. Rxf6 Kg7 $1 33. Bxf7 ({White should try} 33. Bd5 $1 $16) 33... Qxf6 $11 34. Rxf6 Kxf6 $4 {[%mdl 8192]} (34... Bxf7 $11 35. Qf2 a4 36. Rxd6 a3 37. Qf6+ Kg8) 35. Bd5 $2 (35. Qe6+ {mates} Kg7 36. Qxg6+ Kh8 37. Qxh6#) 35... Bf7 {Strongly threatening ...Bxd5.} (35... Rc8 {with more complications.} 36. Qxa5 Ke7 37. Qa7+ Bd7 38. c4 g5) 36. Qf2+ Kg7 $1 37. Bxa8 Rxa8 $14 {[%mdl 4096] Endgame KQ-KRB} 38. Qb2 {aiming for Qb7.} a4 $1 {[%cal Ra4a3]} 39. Qa3 Ra6 40. Kg1 Kf6 41. Kf2 Ke7 (41... h5 $14) 42. c4 {Hoping for Qb4.} Kf6 $1 43. Ke3 Bxc4 {[#]} (43... Kg7 $14) 44. Qb4 $1 $16 {[%cal Rb4c4]} Be6 {[#]} 45. Qb5 (45. Qb7 $1 $16 {[%cal Rb7a6]} Ra5 46. Qb8) 45... Ra7 $1 $11 {And now ...a3 would win.} 46. Qb8 Rd7 {...a3 is the strong threat.} 47. Qa8 Bb3 48. Qf8+ Ke6 (48... Bf7 $11) 49. Qe8+ $16 ({Much weaker is} 49. Qxh6 $6 a3 $11) 49... Re7 50. Qxg6+ Kd7 51. Qf5+ ({Much worse is} 51. Qxh6 $6 a3 $11) 51... Kc7 52. Qf1 ({White should play} 52. Qf8 $16 Rf7 53. Qa8 (53. Qxh6 a3 $11)) 52... Re8 $14 53. Qa6 Rb8 ({Better is} 53... h5 $1 $14) 54. g4 $16 Rb6 (54... Rf8 {was called for.} 55. Qa7+ Kc6) 55. Qa7+ $18 Rb7 56. Qa5+ Kc6 57. h4 Bd1 $2 (57... Rf7 58. Qa6+ Kc5) 58. Qd5+ {Precision: White = 54%, Black = 46%.} 1-0

[Event "GEO chT Clubs 2017"]
[Site "Tbilisi"]
[Date "2017.12.02"]
[Round "4"]
[White "Licheli, Luka"]
[Black "Bechvaia, Gabriel"]
[Result "1-0"]
[WhiteElo "2028"]
[BlackElo "1806"]
[Annotator "NA"]
[PlyCount "80"]
[EventDate "2017.??.??"]
[EventCountry "GEO"]
[SourceTitle "playchess.com"]
[Source "ChessBase"]
[SourceQuality "1"]

1. e4 c5 2. b3 e6 3. Nf3 d5 4. Bb5+ {B40: Sicilian: 2...e6, Unusual lines} (4. exd5 exd5 5. Bb5+ Nc6 6. O-O Bd6 7. Bb2 Nf6 8. Qe2+ Be6 9. Be5 Be7 10. Ng5 Bg4 11. f3 Bd7 12. Bxc6 Bxc6 13. Bxf6 gxf6 {½-½ (41) Antipov,M (2567)-Adhiban,B (2653) Wijk aan Zee 2016}) 4... Nc6 5. Bxc6+ bxc6 6. Qe2 Nf6 7. e5 Nd7 8. c4 Be7 9. O-O O-O 10. d3 Re8 $146 ({Predecessor:} 10... a5 11. Nc3 Nb6 12. Na4 Ra7 13. Rb1 {½-½ (42) Grayland,S (2404)-Leiner,R (2379) ICCF email 2012}) 11. Bf4 Nf8 12. Nc3 Ng6 13. Bg3 f5 14. h3 f4 15. Bh2 Rf8 16. g4 Nh4 17. Rac1 Ba6 18. Na4 Nxf3+ 19. Qxf3 Rc8 20. Nc3 Qe8 21. Ne2 g5 22. h4 $17 (22. Kh1 $15) 22... Qg6 23. h5 Qg7 24. Rfe1 Qxe5 25. Nc3 Qf6 26. Qe2 Kf7 27. f3 Bd6 28. Na4 Rfe8 29. Qc2 Re7 30. Kh1 Rec7 31. Bg1 Qe7 32. Re2 e5 33. Rce1 Kg8 34. b4 dxc4 35. dxc4 cxb4 36. c5 Bxe2 37. Qxe2 Rd7 38. cxd6 Qxd6 39. Nc5 Re7 40. Ne4 Qd5 1-0

[Event "GEO chT Clubs 2017"]
[Site "Tbilisi"]
[Date "2017.12.02"]
[Round "4"]
[White "Bechvaia, Giorgi"]
[Black "Khvadagiani, Nika"]
[Result "1-0"]
[WhiteElo "1934"]
[BlackElo "2001"]
[Annotator "NA"]
[PlyCount "151"]
[EventDate "2017.??.??"]
[EventCountry "GEO"]
[SourceTitle "playchess.com"]
[Source "ChessBase"]
[SourceQuality "1"]

1. d4 d6 2. c4 Nf6 3. Bg5 Nbd7 4. Nc3 h6 5. Bh4 {A53: Old Indian Defence without Nf3} g5 6. Bg3 Bg7 (6... Nh5 7. e3 Nxg3 8. hxg3 Nf6 9. Bd3 Bg7 10. Nge2 c5 11. Qc2 Bd7 12. O-O-O Qa5 13. Kb1 a6 14. Nc1 b5 15. Nb3 Qb6 16. dxc5 dxc5 17. e4 b4 {½-½ (17) Rios,C (2372)-Zapata,A (2484) El Bagre 2012}) 7. e3 e5 $146 ({Predecessor:} 7... c6 8. Bd3 a6 9. a4 a5 10. Rc1 Qb6 11. Nge2 O-O 12. O-O Nh5 {0-1 (54) Hansen,M (2090)-Kristensen,B Taastrup 1997}) 8. Bd3 Qe7 9. Nge2 c6 10. Qb3 O-O 11. O-O-O b6 12. Kb1 a6 13. Qa3 Bb7 14. f4 c5 15. fxe5 dxe5 16. dxc5 Nxc5 17. e4 Qc7 18. Nd5 Bxd5 19. exd5 Nxd3 20. Qxd3 Nd7 21. Nd4 Rac8 (21... b5 $16 {ist wohl besser.}) 22. Nf5 Qxc4 23. Ne7+ Kh8 24. Nxc8 Qxc8 25. Qf5 Nc5 26. Qxc8 Rxc8 27. Rhe1 f6 28. Bf2 Bf8 29. d6 Kg8 30. Bxc5 bxc5 31. Rd5 Kf7 32. Rc1 $2 (32. d7 $18 {und Weiss behält klar die Oberhand.} Rd8 33. g4) 32... Ke6 33. Rdxc5 Rxc5 34. Rxc5 Bxd6 35. Rc6 h5 36. Rxa6 e4 37. Kc2 Kd5 38. Kd2 f5 39. Ra5+ Ke6 40. Ra6 Kd5 41. h3 g4 42. hxg4 hxg4 43. Ra5+ Ke6 44. Rb5 f4 45. Rg5 g3 46. Rg6+ Ke5 47. Ke2 Be7 48. a4 Kf5 49. Rg8 Bb4 50. Rg7 Kf6 {[#]} 51. Rg4 $1 Kf5 52. Rg8 Kf6 53. Rb8 Bc5 54. Kf1 Ke5 55. b4 Bd6 56. Re8+ Kf5 57. a5 Bxb4 58. a6 Bc5 {[#]} 59. Re7 $18 Bxe7 60. a7 Bc5 61. a8=Q Ke5 62. Qh8+ Kd5 63. Qg8+ Kd4 64. Ke2 Bd6 65. Qe6 Be5 66. Kd2 f3 67. gxf3 exf3 68. Qg4+ Kd5 69. Qxf3+ Kd6 70. Kd3 Kd7 71. Ke4 Bc7 72. Kd5 Kc8 73. Kc6 g2 74. Qf8+ Bd8 75. Qf5+ Kb8 76. Qb5+ 1-0

[Event "GEO chT Clubs 2017"]
[Site "Tbilisi"]
[Date "2017.12.02"]
[Round "4"]
[White "Tevzadze, Mariam"]
[Black "Pipia, Ekaterine"]
[Result "0-1"]
[WhiteElo "1898"]
[BlackElo "1791"]
[Annotator "NA"]
[PlyCount "88"]
[EventDate "2017.??.??"]
[EventCountry "GEO"]
[SourceTitle "playchess.com"]
[Source "ChessBase"]
[SourceQuality "1"]

1. e4 c5 2. Nf3 d6 3. d4 cxd4 4. Qxd4 a6 5. h3 Nc6 6. Qe3 Nf6 7. c4 g6 8. Be2 Bg7 9. O-O O-O 10. Nc3 Nd7 11. Rd1 Nc5 12. Bd2 Ne6 13. Be1 b6 14. Nd5 Rb8 15. Bc3 Bxc3 16. bxc3 b5 17. cxb5 axb5 18. Qh6 Qa5 19. Nf4 Ncd8 20. Nd5 Nc6 21. h4 Re8 22. h5 Ne5 23. Nh4 Bb7 24. f4 Qa7+ 25. Kh2 Qf2 26. hxg6 hxg6 27. fxe5 Qxe2 28. Nxg6 fxg6 29. Qxg6+ Ng7 30. Nf6+ exf6 31. exf6 Qh5+ 32. Qxh5 Nxh5 33. Rxd6 Bxe4 34. g4 Nf4 35. f7+ Kxf7 36. Rf1 Ke7 37. Rh6 Rh8 38. g5 Rxh6+ 39. gxh6 Ne6 40. Kg3 Rh8 41. Re1 Nc5 42. Re2 Rxh6 43. Rb2 Bd3 44. Kf4 Re6 0-1

[Event "GEO chT Clubs 2017"]
[Site "Tbilisi"]
[Date "2017.12.02"]
[Round "4"]
[White "Zardiashvili, Akaki"]
[Black "Quparadze, Giga"]
[Result "0-1"]
[WhiteElo "1880"]
[BlackElo "2515"]
[Annotator "TA"]
[PlyCount "68"]
[EventDate "2017.??.??"]
[EventCountry "GEO"]
[SourceTitle "playchess.com"]
[Source "ChessBase"]
[SourceQuality "1"]

{[%evp 13,68,21,22,12,18,-24,0,0,0,-14,-26,-31,-32,-60,-60,-64,-81,-87,-91,-171,0,-227,-224,-214,-214,-274,-277,-277,0,-504,0,-270,-262,-256,-226,-510,-512,-511,-510,-508,-507,-561,-472,-901,-891,-5335,-5319,-3364,-3072,-29990,-29988,-29988,-29989,-29989,-29990,-29993,-989]} 1. e4 c5 2. Nf3 e6 3. Be2 Nc6 4. O-O a6 5. d4 cxd4 6. Nxd4 Qc7 7. Be3 {B41: Sicilian: Kan Variation: 5 c4} (7. Nc3 b5 8. Nxc6 Qxc6 9. Bf3 Bb7 10. Re1 Ne7 11. a4 b4 12. Nd5 exd5 13. exd5 Qf6 14. Bd2 O-O-O 15. Bxb4 Nf5 16. Bc3 Qg5 17. d6 Nxd6 {1-0 (31) Harikrishna,P (2725)-Cyborowski,L (2512) Czechia 2015}) 7... Nf6 {LiveBook: 8 Games} 8. Nd2 d5 9. Bf3 {The position is equal.} Ne5 (9... Nxd4 {keeps more tension.} 10. Bxd4 e5 11. Be3 Be6 12. exd5 Nxd5 13. Bxd5 Bxd5 14. c4 Bc6) 10. exd5 Nxf3+ 11. Qxf3 {Threatens to win with dxe6.} Nxd5 12. c4 $146 ({Predecessor:} 12. Ne4 Nxe3 13. fxe3 Bb4 14. c3 Ba5 15. Nd6+ Qxd6 16. Qxf7+ Kd8 17. Rad1 {1-0 (17) Seidl,P (1846)-Med,L (1795) Frymburk 2002}) 12... Nxe3 13. fxe3 Bd6 $1 14. Ne4 Bxh2+ 15. Kh1 {Strongly threatening Qh5.} Be5 16. Qh5 (16. Ng5 $17) 16... O-O $2 (16... g6 $19 17. Qh4 f5 18. Nf6+ Kf7) 17. Nf3 $2 (17. Ng5 $1 $11 {and White is okay.} h6 18. Nxf7 $1 {[%mdl 512]} Rxf7 19. Rxf7 Qxf7 20. Qxe5) 17... f5 $1 $19 ({But not} 17... Bxb2 18. Nfg5 $1 $17 {[%mdl 512]}) 18. Neg5 {[%csl Gg5][%cal Rh5h7]} h6 19. Qg6 {[%csl Gg5][%cal Rg6h7]} hxg5 20. Nxg5 {[%csl Gg5][%cal Rg6h7]} Rf6 21. Qe8+ Rf8 22. Qg6 $1 {[%csl Gg5][%cal Rg6h7] [#]} Rf7 $1 23. Rad1 (23. Nxf7 Qxf7) 23... Bf6 {And now ...Bxg5 would win.} 24. Rf3 $2 (24. Qh7+ Kf8 25. Qh8+ Ke7 26. Nxf7 Kxf7 27. e4) 24... Bxg5 25. Qxg5 Bd7 26. Rh3 Rf6 27. Rd4 Kf7 28. Rh7 (28. Qh5+ $142 Rg6 29. e4) 28... Rg6 29. Rxg7+ Rxg7 30. Qh5+ Kg8 31. Rh4 Bc6 {Black mates.} 32. Qh8+ Kf7 33. Qh5+ Ke7 34. Rd4 Bxg2+ {Precision: White = 25%, Black = 76%.} 0-1

[Event "GEO chT Clubs 2017"]
[Site "Tbilisi"]
[Date "2017.12.02"]
[Round "4"]
[White "Kitesashvili, Giorgi"]
[Black "Beradze, Irakli"]
[Result "0-1"]
[WhiteElo "1839"]
[BlackElo "2452"]
[Annotator "TA"]
[PlyCount "60"]
[EventDate "2017.??.??"]
[EventCountry "GEO"]
[SourceTitle "playchess.com"]
[Source "ChessBase"]
[SourceQuality "1"]

{[%evp 18,60,-50,-50,-27,-50,-63,-44,-44,-54,-64,-73,-72,-71,-69,-65,-69,-135,-169,-152,-127,-144,-120,-218,-177,-177,-167,-246,-245,-529,-529,-497,-512,-663,-664,-665,-662,-652,-652,-616,-602,-1174,-762,-1001,-981]} 1. e4 c5 2. d4 cxd4 3. c3 dxc3 4. Nxc3 Nc6 5. Nf3 a6 6. Bc4 e6 7. O-O b5 8. Bb3 Bb7 9. Qe2 {B21: Sicilian: 2 f4 and Morra Gambit} (9. a4 b4 10. Nd5 Na5 11. Bg5 Be7 12. Nxe7 Nxe7 13. Bc2 f6 14. Bd2 Nac6 15. Be3 a5 16. Bb3 d5 17. exd5 Nxd5 {½-½ (93) Berg,E (2549)-Khairullin,I (2651) Minsk 2014}) 9... Nge7 10. Bg5 {LiveBook: 7 Games} Na5 11. Rfd1 {Black has an edge.} Nxb3 12. axb3 {Black should prevent Ne5.} f6 13. Bf4 Ng6 14. Bd6 Bxd6 $146 ({Predecessor:} 14... Be7 15. Rd2 O-O 16. Rad1 {0-1 (28) Banki Horvath,I (2158)-Egyed,Z (2127) Hungary 2015}) 15. Rxd6 Qc7 $36 {[%mdl 2048] Black has some pressure.} 16. Rad1 Bc6 17. e5 ({White should play} 17. R6d2 $15) 17... O-O $17 18. exf6 Rxf6 {Threatens to win with ...Nf4.} ({But not} 18... gxf6 19. b4 $15) 19. Ne4 Rf5 20. Ng3 (20. Nd4 $17 Bxe4 21. Nxf5 exf5 22. Rxd7) 20... Rd5 21. R6xd5 Bxd5 22. Nh5 (22. Qe3 $142) 22... Bxb3 $19 23. Qe4 $2 (23. Ra1) 23... Bxd1 {Black is clearly winning.} 24. Qxa8+ Nf8 {[#] White must now prevent ...Qc1.} 25. Qe4 {aiming for Qd4.} Bxf3 26. gxf3 Qc1+ 27. Kg2 Qxb2 28. f4 Qc3 29. f3 Qb2+ 30. Kg3 g6 {Precision: White = 16%, Black = 98%.} 0-1

[Event "GEO chT Clubs 2017"]
[Site "Tbilisi"]
[Date "2017.12.02"]
[Round "4"]
[White "Bechvaia, Maia"]
[Black "Sanikidze, Salome"]
[Result "1-0"]
[WhiteElo "1785"]
[BlackElo "1876"]
[Annotator "NA"]
[PlyCount "81"]
[EventDate "2017.??.??"]
[EventCountry "GEO"]
[SourceTitle "playchess.com"]
[Source "ChessBase"]
[SourceQuality "1"]

1. e4 c5 2. Nf3 d6 3. c3 Nf6 4. h3 Nc6 5. Bd3 b6 6. Bc2 Bb7 7. O-O e6 8. Re1 Be7 9. d4 cxd4 10. cxd4 O-O 11. Nc3 Nb4 12. Ba4 Na6 13. Bf4 Nc7 14. Rc1 a6 15. Bc2 b5 16. a3 Rc8 17. Bb1 Na8 18. Qc2 g6 19. Qe2 Nb6 20. b3 d5 21. e5 Nh5 22. Bh6 Bxa3 23. Rc2 Re8 24. Qe3 Ng7 25. g4 Be7 26. Ne2 a5 27. Rxc8 Bxc8 28. h4 a4 29. bxa4 bxa4 30. h5 Nc4 31. Qc1 Qb6 32. Nc3 a3 33. Qf4 Bb4 34. Qf6 Bf8 35. Ng5 Qb7 36. hxg6 fxg6 37. Bxg6 Nb2 38. Bxe8 Nd3 39. Bf7+ Kh8 40. Bg6 Nxe1 41. Qxf8# 1-0

[Event "GEO chT Clubs 2017"]
[Site "Tbilisi"]
[Date "2017.12.02"]
[Round "4"]
[White "Imerlishvili, Tamar"]
[Black "Khomeriki, Nino"]
[Result "0-1"]
[WhiteElo "1243"]
[BlackElo "2347"]
[Annotator "NA"]
[PlyCount "84"]
[EventDate "2017.??.??"]
[EventCountry "GEO"]
[SourceTitle "playchess.com"]
[Source "ChessBase"]
[SourceQuality "1"]

1. e4 e5 2. Nf3 Nc6 3. Bc4 Nf6 4. d3 Be7 5. O-O O-O 6. Be3 d5 {C55: Two Knights: 4 d3, 4 d4 exd4 5 e5 and Max Lange Attack} 7. Bb5 $146 ({Predecessor:} 7. exd5 Nxd5 8. Re1 Bg4 9. h3 Bxf3 10. Qxf3 Nd4 11. Qxd5 Qxd5 12. Bxd5 Nxc2 13. Bd2 Nxa1 14. Rc1 Rad8 15. Be4 f5 16. Bxb7 Rxd3 17. Ba6 Rxd2 18. Nxd2 Bg5 19. Rxa1 Bxd2 20. Bc4+ Kh8 21. Rd1 {½-½ (30) Kudrin,S (2550)-De la Villa Garcia,J (2430) Salamanca 1989}) 7... Qd6 8. c3 dxe4 9. dxe4 Nxe4 10. Nbd2 Nxd2 11. Qxd2 Bg4 12. Ng5 Qg6 13. Bd3 Bf5 14. Bxf5 Qxf5 15. Nf3 Rad8 16. Qe2 e4 17. Nd4 Nxd4 18. Bxd4 c5 19. Be3 Rd3 20. Rfe1 b6 21. Rad1 Rfd8 22. Rd2 Qd5 23. Red1 Qxa2 24. f3 Rxd2 25. Rxd2 Rxd2 26. Qxd2 Qe6 27. fxe4 Qxe4 28. Bf2 Bg5 29. Qd1 h5 30. h3 g6 31. Qa1 a5 32. Qd1 a4 33. Kh1 $19 Kg7 34. Bg3 Bf4 35. Bxf4 Qxf4 36. Qe1 b5 37. Qe2 b4 38. cxb4 cxb4 39. Qd1 b3 40. Qa1 Qb4 41. Qd1 a3 42. bxa3 Qc3 0-1

[Event "GEO chT Clubs 2017"]
[Site "Tbilisi"]
[Date "2017.12.03"]
[Round "5"]
[White "Jojua, Davit"]
[Black "Kekelidze, Mikheil"]
[Result "1/2-1/2"]
[WhiteElo "2583"]
[BlackElo "2378"]
[Annotator "TA"]
[PlyCount "44"]
[EventDate "2017.??.??"]
[EventCountry "GEO"]
[SourceTitle "playchess.com"]
[Source "ChessBase"]
[SourceQuality "1"]

{[%evp 29,41,0,0,0,0,0,0,0,0,0,0,0,0,-15]} 1. d4 Nf6 2. c4 g6 3. Nc3 Bg7 4. e4 d6 5. Nf3 O-O 6. h3 e5 7. d5 Nh5 8. Nh2 Qe8 9. Be2 {[%cal Bf1e2,Be2f3,Bf3g2,Bg2h3][%mdl 32]} Nf4 10. Bf3 f5 11. g3 {E90: King's Indian: Classical: Early deviations and 6 h3} Nxh3 12. Bg2 Qf7 (12... fxe4 13. Nxe4 Bf5 14. Rf1 h5 15. Qe2 Na6 16. f3 Nc5 17. Be3 Nxe4 18. fxe4 Bd7 {0-1 (48) Kuzubov,Y (2661)-Adhiban,B (2630) Doha 2014}) 13. Bxh3 fxe4 14. Ng4 Bxg4 15. Qxg4 Qxf2+ {LiveBook: 13 Games. The position is equal.} 16. Kd1 Qd4+ 17. Ke1 Qf2+ 18. Kd1 Qd4+ 19. Ke1 Qf2+ 20. Kd1 Qd4+ 21. Bd2 {Predecessor:} e3 $146 22. Ne4 exd2 {1-0 (27) Meskovs,N (2243)-Perez Reisler,J (1893) Caleta 2011} 1/2-1/2

[Event "GEO chT Clubs 2017"]
[Site "Tbilisi"]
[Date "2017.12.03"]
[Round "5"]
[White "Paichadze, Luka"]
[Black "Pantsulaia, Levan"]
[Result "1-0"]
[WhiteElo "2572"]
[BlackElo "2612"]
[Annotator "TA RC"]
[PlyCount "94"]
[EventDate "2017.??.??"]
[EventCountry "GEO"]
[SourceTitle "playchess.com"]
[Source "ChessBase"]
[SourceQuality "1"]

{[%evp 14,94,24,31,31,30,13,36,55,47,45,50,50,35,86,68,72,91,79,79,112,125,118,68,81,50,88,86,92,88,105,68,92,85,66,73,65,62,73,48,58,59,51,36,66,70,92,75,65,68,84,79,83,39,111,59,45,45,80,56,56,68,153,152,146,90,85,108,87,90,199,199,189,187,172,152,186,179,238,220,372,374,438]} 1. e4 c5 2. Nf3 e6 3. c3 Nf6 4. e5 Nd5 5. d4 cxd4 6. cxd4 b6 7. Bc4 Ba6 {B22: Sicilian: 2 c3} 8. b3 {LiveBook: 6 Games} Bb7 9. O-O Na6 $146 {White has an edge.} ({Predecessor:} 9... Be7 10. Bxd5 Bxd5 11. Nc3 Bb7 12. d5 O-O 13. d6 Bh4 14. Bd2 h6 15. Rc1 {½-½ (80) Gottardi,G (2620)-Poulsen,A (2590) ICCF corr 1996}) 10. Ng5 Be7 11. Qh5 $1 {[%csl Gg5][%cal Rh5f7]} g6 12. Qh6 Bf8 13. Qh3 f5 (13... Be7 $14 14. Ne4 f5) 14. exf6 $16 Qxf6 15. Bxd5 $1 Bxd5 16. Nc3 O-O-O 17. Nxd5 exd5 18. Nf3 Qe6 19. Qh4 Bd6 20. Bg5 Rde8 21. Rae1 Qf5 22. Bf6 Rhg8 23. Rxe8+ $1 Rxe8 24. Be5 $1 {[%cal Re5d6]} Bxe5 25. dxe5 {Strongly threatening Qa4.} Qf7 26. Rd1 Nc7 27. h3 Kb7 28. a4 {[%cal Ba2a4,Ba4a5,Ba5a6][%mdl 32]} h5 29. a5 Qf5 30. Qa4 {Hoping for axb6.} Qc2 31. Ra1 {Black must now prevent axb6.} Qc6 32. Qf4 Qc3 {[#]} 33. a6+ $1 {[%mdl 512]} Kb8 (33... Nxa6 $14 34. Qa4 Nc7) 34. Rb1 (34. Rf1 $16) 34... Qc2 $14 35. Rc1 Ne6 36. Qe3 Qb2 37. Rd1 Nc7 ({Better is} 37... Rc8 $14) 38. Nd4 $16 Nxa6 39. Qg3 (39. Qh6 $142 $1) 39... Nc7 40. Qxg6 Rf8 {[#]} 41. f3 $1 $36 {[%mdl 2048] Qg7 is the strong threat. White is in control.} Rf4 {[#]} (41... Kb7 $16 {is a better defense.}) 42. e6 $1 $18 dxe6 43. Qxh5 ({Inferior is} 43. Nxe6 Qxb3 44. Qg8+ Kb7 $11) 43... Kb7 44. Qe5 Rf7 45. Re1 Re7 (45... a5 $142 46. Qe3 (46. Nxe6 Qxe5 47. Rxe5 Nxe6 $16) 46... Re7) 46. Kh2 Re8 $2 (46... a5 47. Re2 Qc3) 47. Re2 Qa3 {Precision: White = 67%, Black = 45%.} 1-0

[Event "GEO chT Clubs 2017"]
[Site "Tbilisi"]
[Date "2017.12.03"]
[Round "5"]
[White "Gelashvili, Tamaz"]
[Black "Azaladze, Shota"]
[Result "1/2-1/2"]
[WhiteElo "2556"]
[BlackElo "2453"]
[Annotator "TA"]
[PlyCount "70"]
[EventDate "2017.??.??"]
[EventCountry "GEO"]
[SourceTitle "playchess.com"]
[Source "ChessBase"]
[SourceQuality "1"]

{[%evp 17,70,-10,-6,-28,4,0,-13,-34,-20,-43,-49,-43,-30,-34,-16,-31,-20,-12,0,-38,20,-38,-42,-47,-47,-49,-49,-47,-56,-69,-47,-48,-48,-48,-48,-54,0,0,0,-22,-20,-34,-29,-14,-10,-4,8,-16,0,0,0,-25,0,0,0]} 1. e4 e6 2. b3 d5 3. Bb2 dxe4 4. Nc3 Nf6 5. Qe2 Nc6 6. Nxe4 {C00: French: Unusual White 2nd moves} Nxe4 7. Qxe4 Qd5 8. Qxd5 exd5 9. O-O-O f6 {LiveBook: 5 Games} 10. Ne2 Bc5 $146 ({Predecessor:} 10... Bf5 11. Ng3 Bg6 12. Re1+ Kd7 13. a3 Bc5 {1-0 (52) Gelashvili,T (2604)-Ramon Perez,J (2329) Balaguer 2007}) 11. Nf4 Ne7 12. Re1 Kf7 13. f3 Bd6 14. Nh5 Bf5 15. g4 Bg6 16. Bh3 Nc6 17. f4 Rhe8 18. Bg2 Rxe1+ 19. Rxe1 Ne7 20. Rf1 Bxh5 21. gxh5 c6 22. c4 $1 Rd8 23. Bh3 Bc7 24. Kc2 g6 25. hxg6+ hxg6 26. f5 {[#] Black must now prevent fxg6+.} d4 (26... g5 $15 27. Bg4 dxc4 28. bxc4 Bxh2) 27. fxg6+ $11 Nxg6 28. Bg2 Be5 29. Be4 Rh8 30. Rf2 Nf4 31. Bf5 a5 32. d3 (32. Bxd4 $5 Bxd4 33. Rxf4 $14) 32... Nh3 33. Rf1 Nf4 {And now ...Ng2 would win.} 34. Rf2 Nh3 35. Rf1 Nf4 {Precision: White = 73%, Black = 55%.} 1/2-1/2

[Event "GEO chT Clubs 2017"]
[Site "Tbilisi"]
[Date "2017.12.03"]
[Round "5"]
[White "Quparadze, Giga"]
[Black "Mchedlishvili, Mikheil"]
[Result "1-0"]
[WhiteElo "2506"]
[BlackElo "2603"]
[Annotator "TA"]
[PlyCount "105"]
[EventDate "2017.??.??"]
[EventCountry "GEO"]
[SourceTitle "playchess.com"]
[Source "ChessBase"]
[SourceQuality "1"]

{[%evp 18,105,73,62,41,44,63,62,63,68,53,22,18,0,0,0,1,0,1,6,7,2,31,20,22,25,65,65,65,52,65,39,68,65,72,29,30,31,79,87,92,79,79,82,93,93,93,93,93,93,93,93,93,93,170,186,163,171,164,20,20,20,20,20,20,28,52,24,184,156,402,402,728,694,687,682,3595,394,1386,1483,2478,387,387,387,599,592,29970,29971,29978,29979]} 1. e4 d6 2. d4 Nf6 3. Nc3 g6 4. Bg5 Bg7 5. Qd2 h6 6. Bh4 g5 7. Bg3 Nh5 8. O-O-O Nc6 9. Qe3 {B07: Pirc-Ufimzew-Verteidigung} Bd7 (9... e5 10. dxe5 Nxe5 11. Bxe5 Bxe5 12. g3 c6 13. Nf3 Qb6 14. Qd2 Be6 15. Nxe5 dxe5 16. Qd6 Qa5 {1-0 (61) Stevic,H (2607)-Bluvshtein,M (2583) Khanty-Mansiysk 2010}) 10. Nge2 {LiveBook: 4 Partien} e5 11. dxe5 {Weiß steht etwas besser.} Nxe5 12. Bxe5 $146 ({Vorgänger:} 12. Nd4 c6 13. Bxe5 Bxe5 14. g3 Qb6 15. Kb1 O-O-O 16. Bc4 Rhf8 {½-½ (30) Ruppel,F-Mehlhorn,U ICCF email 2004}) 12... Bxe5 13. g3 g4 14. h3 {Droht stark hxg4.} Qg5 15. Nd5 (15. Qd2 {with more complications.} Qxd2+ 16. Rxd2 Nf6 17. hxg4 Bxg4 18. Bg2) 15... Qxe3+ 16. Nxe3 Nf6 17. hxg4 Nxg4 18. Nxg4 Bxg4 19. Rd3 Ke7 20. Nc3 c6 21. Nd1 Bxd1 22. Rxd1 b5 23. c3 a5 24. Kc2 Bg7 25. Rh5 a4 26. Rf5 h5 27. Be2 Rh6 28. Bxh5 Rf6 29. Rxf6 Bxf6 $16 {[%mdl 4096] Endspiel KTL-KTL} 30. f4 Rb8 31. a3 Bg7 32. g4 Rh8 33. Kd3 Bh6 34. Ke3 Bg7 35. Kf3 b4 (35... f6 $16 {war angesagt.} 36. Kg3 Kd7) 36. axb4 $18 a3 37. bxa3 Ra8 38. Bxf7 (38. g5 $18) 38... Kxf7 $11 39. Rxd6 Bxc3 $18 {KTL-KT} 40. g5 {[%cal Bg4g5,Bg5g6][%mdl 32]} Rxa3 41. Kg4 ({Jedoch nicht} 41. Rxc6 $6 Bxb4+ 42. Kg4 Bd2 $16) 41... Bxb4 42. Rxc6 {Droht e5.} Bd2 $2 (42... Rc3 $1 $11 {und Schwarz muss sich keine Sorgen machen.} 43. Rf6+ Kg7) 43. Rc2 {[%mdl 1024] Weiss hat starke Kompensation.} Be3 $2 (43... Ba5 $16 44. Kf5 Ra4) 44. f5 $1 Ra1 {[#]} (44... Ra5 $142 45. g6+ Kf8 46. Rc8+ Kg7 47. Rc7+ Kh8 48. g7+ (48. f6 Rg5+ 49. Kf3 Rxg6 $16) 48... Kh7) 45. g6+ $1 Kg7 46. Rc7+ Kg8 47. e5 $2 (47. f6 {[%cal Rc7c8]} Rg1+ 48. Kf3 Rf1+ 49. Kxe3 Rxf6 50. g7) 47... Rg1+ 48. Kf3 Bg5 49. Ke4 Rf1 {beabsichtigt ...Tf4+.} 50. Rf7 Rd1 51. f6 Rf1 52. Rg7+ Kh8 {[#]} 53. Rh7+ $1 {Precision: Weiß = 69%, Schwarz = 41%.} 1-0